000
00243nam a2200109Ia 4500
100
_a
Chawla/Shashi
942
_c
BK
245
_a
Text book of environmental studies
260
_b
Tata Mc Graw hill Ltd.
_c
2012
546
_a
ENGLISH
999
_c
20275
_d
20275